| 000 | 00581nam a2200145Ia 4500 | ||
|---|---|---|---|
| 008 | 170221s9999 xx 000 0 und d | ||
| 100 | _aLaMacchia, Carolyn. | ||
| 245 | _aAddressing cross-disciplinary accounting and information technology learning through a graduate IT course | ||
| 245 | _cCarolyn LaMacchia, Bloomsburg University of Pennsylvania; Mark Law, Bloomsburg University of Pennsylvania. | ||
| 260 | _bJournal of Management and Marketing Research | ||
| 260 | _c2012 | ||
| 300 | _a32 : 3 | ||
| 650 | _xBusiness | ||
| 856 | _uhttp://www.aabri.com/manuscripts/152249.pdf | ||
| 999 |
_c311198 _d311198 |
||